FC Dynamo Kyiv Squad 2023-2024 - Statistics

General Stats
  • This quiz has been taken 13 times
  • The average score is 18 of 28
Answer Stats
# Position Nation Player % Correct
4 DF Ukraine Denys Popov
91%
7 FW Ukraine Andriy Yarmolenko
82%
1 GK Ukraine Georgiy Bushchan
82%
10 MF Ukraine Mykola Shaparenko
82%
30 FW Senegal Samba Diallo
82%
11 FW Ukraine Vladyslav Vanat
82%
6 MF Ukraine Volodymyr Brazhko
82%
77 FW Nigeria Benito
73%
2 DF Ukraine Kostyantyn Vivcharenko
73%
- Coach Ukraine Oleksandr Shovkovskyi
73%
29 MF Ukraine Vitaliy Buyalskyi
73%
44 DF Ukraine Vladyslav Dubinchak
73%
22 MF Ukraine Vladyslav Kabaev
73%
91 FW Ukraine Nazar Voloshyn
64%
24 DF Ukraine Oleksandr Tymchyk
64%
35 GK Ukraine Ruslan Neshcheret
64%
8 MF Ukraine Volodymyr Shepelev
64%
40 DF Ukraine Kristian Bilovar
55%
- Coach Romania Mircea Lucescu
55%
34 DF Ukraine Oleksandr Syrota
55%
21 FW Ukraine Vladyslav Supryaga
55%
37 MF Ukraine Anton Tsarenko
45%
25 DF Ukraine Maksym Dyachuk
45%
18 MF Ukraine Oleksandr Andriyevskyi
45%
92 MF North Macedonia Reshat Ramadani
45%
51 GK Ukraine Valentyn Morgun
45%
23 DF Ukraine Navin Malysh
36%
20 DF Ukraine Oleksandr Karavaev
36%
No matching quizzes found
Score Distribution
Percent of People with Each Score
Percentile by Number Answered
Your Score History
You have not taken this quiz